Mapa de Melilla, Alhucemas y el Peñón [ (Registro nro. 64987)

Detalles MARC
000 -LEADER
campo de control de longitud fija 01443nem a2200289 i 4500
001 - NÚMERO DE CONTROL
campo de control 64987
003 - IDENTIFICADOR DE NÚMERO DE CONTROL
campo de control ES-MaACL
005 - FECHA Y HORA DE LA ÚLTIMA TRANSACCIÓN
campo de control 20240424133443.0
007 - CAMPO FIJO DE DESCRIPCIÓN FÍSICA--INFORMACIÓN GENERAL
campo de control de longitud fija t|
008 - DATOS DE LONGITUD FIJA--INFORMACIÓN GENERAL
campo de control de longitud fija 040107s1916 sp | |0|1||spa d
130 0# - ENTRADA PRINCIPAL--TÍTULO UNIFORME
Título uniforme Melilla.
Subencabezamiento de forma Mapas topográficos.
Fecha de publicación/de la obra 1916.
9 (RLIN) 161585
245 10 - MENCIÓN DEL TÍTULO
Título Mapa de Melilla, Alhucemas y el Peñón [
Medio Material cartográfico] /
Mención de responsabilidad, etc. por Don Fernando J. Frades Urien y Don Francisco Barnola Escrivá de Romaní.
255 ## - DATOS MATEMÁTICOS CARTOGRÁFICOS
Mención de escala Escala 1:200.000.
260 ## - PUBLICACIÓN, DISTRIBUCIÓN, ETC.
Lugar de publicación, distribución, etc. Madrid :
Nombre del editor, distribuidor, etc. Lit. Mateu,
Fecha de publicación, distribución, etc. 1916.
300 ## - DESCRIPCIÓN FÍSICA
Extensión 1 mapa :
Otras características físicas col. ;
Dimensiones 93 x 68 cm pleg. en h. 24 x 16 cm. en una carpetilla.
501 ## - NOTA DE CON
Nota de "Con" Inserta: Mapa de conjunto: Península Ibérica y zona de influencia española y cuadro de datos estadísticos de la ciudad de Melilla.
507 ## - NOTA DE ESCALA PARA MATERIAL GRÁFICO
Nota de escala o de fracción representativa Escala expresada también en millas.
596 ## - NOTA AL PIE DE IMPRENTA
NOTA AL PIE DE IMPRENTA La fecha en la portada de la carpeta que guarda el mapa pleg. es 1916, en el interior en la parte inferior del mapa figura: Melilla 1915.
597 ## - NOTA DE DESCRIPCIÓN FÍSICA
NOTA DE DESCRIPCIÓN FÍSICA Orientado. - Meridiano de origen: Madrid. - Márgenes graduados. - Relieve representado por normales. - Hidrografía.
651 #4 - PUNTO DE ACCESO ADICIONAL DE MATERIA--NOMBRE GEOGRÁFICO
Nombre geográfico Alhucemas (Marruecos)
Subdivisión general Descripción
9 (RLIN) 7678
700 1# - ENTRADA AGREGADA--NOMBRE PERSONAL
Nombre de persona Barnola Escrivá de Romaní, Francisco.
9 (RLIN) 25741
700 0# - ENTRADA AGREGADA--NOMBRE PERSONAL
Nombre de persona Frades Urien, Fernando J.
9 (RLIN) 52060
730 0# - ASIENTO SECUNDARIO--TITULO UNIFORME
Título uniforme Marruecos. Protectorado español.
Subencabezamiento de forma Mapas topográficos.
Fecha de publicación/de la obra 1916.
9 (RLIN) 161586
852 ## - LOCALIZACIÓN
Ubicación ES-MaACL
Número de control de estantería 1503-F-15
942 ## - ELEMENTOS DE ENTRADA SECUNDARIOS (KOHA)
Fuente del sistema de clasificación o colocación Clasificación decimal universal
Existencias
Estatus retirado Estado de pérdida Estado de daño No para préstamo Colección Biblioteca de origen Biblioteca actual Ubicación en estantería Fecha de adquisición Fuente de adquisición Total de préstamos Signatura topográfica completa Código de barras Visto por última vez Precio de reemplazo Tipo de ítem Koha
        Colección de folletos Biblioteca del Ateneo de Madrid Biblioteca del Ateneo de Madrid Depósito folletos 17/01/2008     1503-F-15 1068090 23/02/2023 23/02/2023 Folleto